U.S.S.S.B.E.: (Record no. 203096)

MARC details
000 -LEADER
fixed length control field 00569nam a22001817a 4500
005 - DATE AND TIME OF LATEST TRANSACTION
control field 20241106105940.0
010 ## - LCCN (DPL NO)
LC control number ENG-140422
020 ## - INTERNATIONAL STANDARD BOOK NUMBER
International Standard Book Number 9789382356394
Terms of availability 230.00
035 ## - SYSTEM CONTROL NUMBER
System control number EN-123954
037 ## - SOURCE OF ACQUISITION
Source of stock number/acquisition DBAD
082 ## - DEWEY DECIMAL CLASSIFICATION NUMBER
Classification number N
100 ## - MAIN ENTRY--PERSONAL NAME
Personal name Kottoor, Gopikrishnan
245 ## - TITLE STATEMENT
Title U.S.S.S.B.E.:
Remainder of title United Supreme Sovereign Socialist Banana Empire/
Statement of responsibility, etc By Gopikrishnan Kottoor
260 ## - PUBLICATION, DISTRIBUTION, ETC. (IMPRINT)
Place of publication, distribution, etc Thiruvananthapuram
Name of publisher, distributor, etc Folio
Date of publication, distribution, etc 2023
270 ## - ADDRESS
Address 3/1, B Street, Chitra Nagar, Vattiyoorkavu
City Thiruvananthapuram
Postal code 695013
300 ## - PHYSICAL DESCRIPTION
Extent 142p.
Dimensions 21cm(pb)
942 ## - ADDED ENTRY ELEMENTS (KOHA)
Source of classification or shelving scheme Dewey Decimal Classification
Item type English Books
Classification part N
Call number suffix KOT
Holdings
Withdrawn status Lost status Not for loan Collection code Home library Current library Date acquired Source of acquisition Cost, normal purchase price Full call number Barcode Copy number Cost, replacement price Koha item type
      Non-fiction Bawana Bawana 21/05/2024 DBAD 230.00 N KOT EN-123954 1 230.00 English Books

© Delhi Public Library
Hit Counter
free hit counter